000
00301nam a22001337a 4500
008
170615b xxu||||| |||| 00| 0 eng d
020
_a
9780395961025
041
_a
eng
080
_a
32
100
_a
20
101
_a
SHP
245
_a
PERSPECTIVES ON AMERICAN POLITICS
_c
LASSER, W
942
_2
udc
_c
BK
999
_c
17656
_d
17656